[Event "Summer TNM"]
[Site "San Francisco"]
[Date "2006.06.06"]
[Round "1"]
[White "Petrison, John"]
[Black "Dembling, Arthur"]
[Result "0-1"]
[WhiteElo "2035"]
[BlackElo "1674"]
[PlyCount "124"]
[EventDate "2006.06.06"]
[EventType "swiss"]
[EventRounds "8"]
[EventCountry "USA"]

1. e4 e6 2. d4 d5 3. Nc3 Nf6 4. Bg5 Bb4 5. e5 h6 6. Bd2 Bxc3 7. Bxc3 Ne4 8. Bb4
c5 9. dxc5 Nxf2 10. Kxf2 Qh4+ 11. g3 Qxb4 12. Nf3 Qxc5+ 13. Kg2 Nc6 14. c3 Bd7
15. Rc1 Qe3 16. Qe1 Qxe1 17. Rxe1 Ke7 18. Bd3 Rac8 19. Rhf1 a6 20. Rf2 Rhf8 21.
a4 Na5 22. Bc2 Nc6 23. b3 Na5 24. b4 Nc4 25. Bb3 Rc7 26. Nd4 Rfc8 27. b5 axb5
28. axb5 Rc5 29. Ra2 Bxb5 30. Ra7 Ba6 31. Ra1 Kf8 32. Nc2 Nxe5 33. Nb4 Nc6 34.
Nxa6 bxa6 35. R7xa6 Rxc3 36. Bd1 Ne5 37. Ra7 R8c7 38. Ra8+ Ke7 39. Ba4 Kf6 40.
Rf1+ Kg6 41. Rf8 Nc4 42. Rf2 Nd6 43. Rd8 Ne4 44. Rf1 Rc8 45. Rd7 R3c7 46. Rfxf7
Rxd7 47. Rxd7 Nc5 48. Bc2+ Kf6 49. Ra7 d4 50. h4 d3 51. Bd1 Rd8 52. g4 Rd7 53.
Ra5 Ne4 54. Ra3 g5 55. Bf3 d2 56. hxg5+ hxg5 57. Bd1 Rc7 58. Rd3 Rc3 59. Rd8
Ke5 60. Bf3 Nd6 61. Be2 Rc1 62. Rg8 Nf7 0-1

[Event "Summer TNM"]
[Site "San Francisco"]
[Date "2006.06.06"]
[Round "1"]
[White "Purcell, Brendan"]
[Black "Livschitz, Jennifer"]
[Result "1-0"]
[WhiteElo "1901"]
[BlackElo "1485"]
[PlyCount "129"]
[EventDate "2006.06.06"]
[EventType "swiss"]
[EventRounds "8"]
[EventCountry "USA"]

1. e4 e5 2. Nf3 Nc6 3. Bb5 a6 4. Ba4 Nf6 5. O-O Be7 6. Re1 b5 7. Bb3 O-O 8. h3
d6 9. c3 Na5 10. Bc2 c5 11. d4 Qc7 12. Nbd2 Bd7 13. Nf1 Rfc8 14. d5 b4 15. Ne3
bxc3 16. bxc3 Rab8 17. Qe2 c4 18. Ba3 Nb7 19. Nxe5 Bb5 20. N5g4 Qd7 21. Nf5 Nc5
22. Bxc5 Rxc5 23. a4 Bxa4 24. Bxa4 Qc7 25. Nxe7+ Qxe7 26. Nxf6+ Qxf6 27. Qf3
Qe5 28. Qg3 Qf6 29. e5 dxe5 30. Qxe5 Qxe5 31. Rxe5 Ra5 32. Rae1 f6 33. Re8+
Rxe8 34. Rxe8+ Kf7 35. d6 Rxa4 36. d7 Ra1+ 37. Kh2 Rd1 38. d8=Q Rxd8 39. Rxd8
Ke6 40. Ra8 Ke5 41. Rxa6 Ke4 42. Ra7 Kd3 43. Rxg7 Kxc3 44. Rxh7 Kd2 45. Rc7 Ke2
46. Rxc4 Kxf2 47. Rf4+ Ke3 48. Rxf6 Ke4 49. h4 Ke5 50. Rf1 Ke4 51. h5 Ke3 52.
h6 Ke2 53. Rf8 Ke3 54. h7 Ke4 55. h8=R Ke5 56. Rh7 Ke6 57. Rf1 Ke5 58. Re7+ Kd4
59. Re2 Kd5 60. Rd1+ Kc4 61. Rc2+ Kb3 62. Rc7 Kb2 63. Rd8 Kb3 64. Rb8+ Ka4 65.
Ra7# 1-0

[Event "Summer TNM"]
[Site "San Francisco"]
[Date "2006.06.06"]
[Round "1"]
[White "Royzen, Igor"]
[Black "Snyder, Larry"]
[Result "0-1"]
[WhiteElo "1675"]
[BlackElo "2042"]
[PlyCount "90"]
[EventDate "2006.06.06"]
[EventType "swiss"]
[EventRounds "8"]
[EventCountry "USA"]

1. e4 d5 2. exd5 Qxd5 3. Nc3 Qa5 4. Nf3 Nf6 5. Be2 g6 6. O-O Bg7 7. d3 O-O 8.
Bd2 c5 9. Qc1 Re8 10. Re1 Qc7 11. Bf1 e5 12. g3 a6 13. a4 b6 14. Bg2 Bb7 15.
Ne4 Nbd7 16. Nc3 Bc6 17. Ne4 Bb7 18. Nc3 Rac8 19. Ne4 Nd5 20. Nc3 Nb4 21. Na2
Nc6 22. Nc3 Nf6 23. Ne4 Nxe4 24. dxe4 Nd4 25. Bc3 Rcd8 26. Nd2 Bh6 27. Qb1 Bxd2
28. Bxd2 Nf3+ 29. Bxf3 Rxd2 30. Rd1 Red8 31. Rxd2 Rxd2 32. Ra3 Bc6 33. Bg2 Qd7
34. Rd3 Rxd3 35. cxd3 Bxa4 36. b4 Qb5 37. Qb2 cxb4 38. Bf1 Qc5 39. Qa2 b5 40.
Qd5 Qxd5 41. exd5 b3 42. d4 e4 43. d6 Kf8 44. d7 Ke7 45. Bh3 b2 0-1

[Event "Summer TNM"]
[Site "San Francisco"]
[Date "2006.06.06"]
[Round "1"]
[White "Salinas, Chad"]
[Black "Russell, Joe"]
[Result "1-0"]
[WhiteElo "1965"]
[BlackElo "1633"]
[PlyCount "49"]
[EventDate "2006.06.06"]
[EventType "swiss"]
[EventRounds "8"]
[EventCountry "USA"]

1. d4 Nf6 2. c4 e6 3. Nc3 Bb4 4. e3 O-O 5. Nge2 Ne4 6. Bd2 Nxc3 7. Nxc3 d5 8.
cxd5 exd5 9. Bd3 c6 10. O-O Nd7 11. Qc2 Qh4 12. g3 Qh5 13. Nxd5 cxd5 14. Bxb4
Re8 15. Qe2 Qh3 16. Rfe1 Nf6 17. f3 g5 18. Bd6 Qh6 19. Be5 Nd7 20. Bc7 Nf6 21.
Rac1 Nh5 22. Qf2 Bh3 23. g4 Nf6 24. Qg3 Re6 25. Bf5 1-0

[Event "Summer TNM"]
[Site "San Francisco"]
[Date "2006.06.06"]
[Round "1"]
[White "Samatra, Mario"]
[Black "Mar, Henry"]
[Result "1-0"]
[WhiteElo "1914"]
[BlackElo "1538"]
[PlyCount "109"]
[EventDate "2006.06.06"]
[EventType "swiss"]
[EventRounds "8"]
[EventCountry "USA"]

1. d4 e6 2. c4 d5 3. Nc3 Nf6 4. Bg5 Be7 5. e3 Nbd7 6. Nf3 h6 7. Bh4 Ne4 8. Bxe7
Qxe7 9. Bd3 f5 10. O-O c6 11. Ne5 Nxe5 12. dxe5 O-O 13. f4 dxc4 14. Bxc4 Qc5
15. Nxe4 fxe4 16. Qd4 Qxd4 17. exd4 Kh8 18. Rae1 b5 19. Bb3 Bd7 20. Rxe4 Rad8
21. Ree1 Rf7 22. Rd1 Rdf8 23. g3 a5 24. a3 a4 25. Bc2 Bc8 26. Be4 Bb7 27. h4
Rd8 28. Kf2 Kg8 29. Ke3 Rfd7 30. Bf3 g6 31. g4 Kg7 32. Rg1 Rf7 33. Be4 Rdf8 34.
f5 exf5 35. gxf5 Rxf5 36. Bxf5 Rxf5 37. Rdf1 Bc8 38. Rxf5 Bxf5 39. Kf4 Kf7 40.
h5 Bd3 41. hxg6+ Kg7 42. Re1 Bxg6 43. e6 Kf6 44. e7 Be8 45. Re5 h5 46. Kg3 Kf7
47. Kh4 Kf6 48. Kg3 Kf7 49. Rxh5 Kxe7 50. Rh6 Bd7 51. Kf4 Be6 52. Ke5 Bd5 53.
Rh7+ Bf7 54. Rxf7+ Kxf7 55. Kd6 1-0

[Event "Summer TNM"]
[Site "San Francisco"]
[Date "2006.06.06"]
[Round "1"]
[White "Sandberg, Evan"]
[Black "Kleiman, Charles"]
[Result "1/2-1/2"]
[WhiteElo "1506"]
[BlackElo "1901"]
[PlyCount "118"]
[EventDate "2006.06.06"]
[EventType "swiss"]
[EventRounds "8"]
[EventCountry "USA"]

1. e4 d5 2. exd5 Qxd5 3. Nc3 Qa5 4. d4 Nf6 5. Nf3 Bg4 6. h3 Bh5 7. Be2 e6 8.
O-O Nbd7 9. Bd2 c6 10. Ne4 Qb6 11. Nxf6+ Nxf6 12. Bc3 Bd6 13. Nd2 Bxe2 14. Qxe2
Bb8 15. Ne4 Nd5 16. Rab1 Qc7 17. g3 h5 18. h4 Nxc3 19. Nxc3 g5 20. hxg5 h4 21.
Qe5 Qxe5 22. dxe5 Bxe5 23. f4 Bd4+ 24. Kh1 hxg3+ 25. Kg2 Rh2+ 26. Kxg3 Rxc2 27.
Rfc1 Rd2 28. Rd1 Bxc3 29. bxc3 O-O-O 30. Rxd2 Rxd2 31. Kg4 Rxa2 32. Rd1 Rc2 33.
Rd3 a5 34. Rg3 a4 35. f5 exf5+ 36. Kxf5 a3 37. c4 Rf2+ 38. Ke5 a2 39. Ra3 Kc7
40. c5 b6 41. Ra7+ Kb8 42. cxb6 c5 43. Kd5 Rf5+ 44. Kc6 Rxg5 45. Rxa2 c4 46.
Rc2 Rg4 47. Kc5 Kb7 48. Rxc4 Rxc4+ 49. Kxc4 Kxb6 50. Kd5 Kc7 51. Ke5 Kd7 52.
Kf6 Ke8 53. Kf5 Ke7 54. Ke5 f6+ 55. Kf5 Kf7 56. Kf4 Kg6 57. Kg4 f5+ 58. Kf4 Kf6
59. Kf3 Kg5 1/2-1/2

[Event "Summer TNM"]
[Site "San Francisco"]
[Date "2006.06.06"]
[Round "1"]
[White "Sherwood, Peter"]
[Black "Margulis, Igor"]
[Result "0-1"]
[WhiteElo "1703"]
[BlackElo "2227"]
[PlyCount "100"]
[EventDate "2006.06.06"]
[EventType "swiss"]
[EventRounds "8"]
[EventCountry "USA"]

1. e4 g6 2. d4 Bg7 3. Nf3 d6 4. Nc3 a6 5. Be3 b5 6. Bd3 Bb7 7. Qd2 Nf6 8. Bh6
O-O 9. Bxg7 Kxg7 10. a3 Nbd7 11. O-O-O e5 12. h4 Re8 13. d5 h5 14. Ng5 Qe7 15.
f3 Rh8 16. Rdf1 c6 17. Be2 cxd5 18. Nxd5 Bxd5 19. exd5 Nb6 20. f4 exf4 21. Bf3
Nc4 22. Qxf4 Qe3+ 23. Qxe3 Nxe3 24. Rf2 Rae8 25. Re1 Re5 26. b3 Rc8 27. Rfe2
Nxc2 28. Rxc2 Rxe1+ 29. Kd2 Rxc2+ 30. Kxc2 Re5 31. Kd3 Nxd5 32. Kd4 Nc7 33. Ne4
Ne6+ 34. Kc3 d5 35. Nd2 d4+ 36. Kb4 Re1 37. Ka5 Ra1 38. Kxa6 Ra2 39. Ne4 Rxa3+
40. Kxb5 Rxb3+ 41. Kc4 Ra3 42. Kb4 Re3 43. Kc4 f5 44. Nd2 Kf6 45. Kd5 Rc3 46.
Nc4 d3 47. Ne3 d2 48. Nd1 Rc5+ 49. Kd6 Rc1 50. Kd5 Nf4+ 0-1

[Event "Summer TNM"]
[Site "San Francisco"]
[Date "2006.06.06"]
[Round "1"]
[White "Siegrist, Daichi"]
[Black "Allen, Tom"]
[Result "1-0"]
[WhiteElo "1954"]
[BlackElo "1627"]
[PlyCount "77"]
[EventDate "2006.06.06"]
[EventType "swiss"]
[EventRounds "8"]
[EventCountry "USA"]

1. d4 Nf6 2. Nc3 e5 3. dxe5 Ng4 4. Bf4 Nc6 5. Nf3 Bb4 6. h3 Nh6 7. Bxh6 gxh6 8.
Qd2 Qe7 9. Qf4 a5 10. e3 d6 11. Bb5 Bd7 12. exd6 Bxd6 13. Qe4 O-O-O 14. Qxe7
Nxe7 15. Bxd7+ Rxd7 16. O-O-O Rhd8 17. Ne4 Ng8 18. Nd4 Be5 19. c3 Ne7 20. f4
Bg7 21. Rhe1 Bxd4 22. exd4 Nd5 23. f5 Re7 24. Nc5 Rde8 25. Rxe7 Rxe7 26. Rf1
Re2 27. g4 Ne3 28. Rf3 Nc4 29. Nd3 Kd7 30. a4 Kd6 31. Rg3 f6 32. b3 Re3 33.
Rxe3 Nxe3 34. Nc5 b6 35. Ne4+ Ke7 36. Kd2 Nd5 37. Nf2 Kd6 38. Kd3 Ne7 39. Ne4+
1-0

[Event "Summer TNM"]
[Site "San Francisco"]
[Date "2006.06.06"]
[Round "1"]
[White "Thornally, Frank"]
[Black "Litowsky, Dan"]
[Result "1-0"]
[WhiteElo "2200"]
[BlackElo "1700"]
[PlyCount "43"]
[EventDate "2006.06.06"]
[EventType "swiss"]
[EventRounds "8"]
[EventCountry "USA"]

1. d4 d5 2. Nf3 Nf6 3. c4 c6 4. e3 e6 5. Nbd2 Nbd7 6. Bd3 g6 7. O-O Bg7 8. e4
dxe4 9. Nxe4 Nxe4 10. Bxe4 Nf6 11. Bc2 O-O 12. Bg5 Qb6 13. Rb1 h6 14. Bf4 Rd8
15. Qc1 Kh7 16. Ne5 Rf8 17. Rd1 Qa5 18. b4 Qd8 19. Rb3 Nd7 20. Bxh6 Qf6 21. Rh3
Kg8 22. Ng4 1-0

[Event "Summer TNM"]
[Site "San Francisco"]
[Date "2006.06.06"]
[Round "1"]
[White "Traub, Igor"]
[Black "Chalissery, Jossy"]
[Result "1-0"]
[WhiteElo "2054"]
[BlackElo "1689"]
[PlyCount "51"]
[EventDate "2006.06.06"]
[EventType "swiss"]
[EventRounds "8"]
[EventCountry "USA"]

1. e4 d5 2. exd5 Qxd5 3. Nc3 Qa5 4. d4 Nf6 5. Bd2 c6 6. Bd3 Bg4 7. f3 Bh5 8.
Nge2 e6 9. Ne4 Qd8 10. c3 Nbd7 11. Qb3 Nxe4 12. Bxe4 Nb6 13. a4 a5 14. c4 Ra7
15. O-O Be7 16. Be3 Bb4 17. Rfd1 Qc8 18. d5 c5 19. Nf4 Bg6 20. Bxg6 hxg6 21.
dxe6 fxe6 22. Nxg6 Rh5 23. Rd6 Kf7 24. Qd3 Nxc4 25. Qxc4 Kxg6 26. Qg4+ 1-0

[Event "Summer TNM"]
[Site "San Francisco"]
[Date "2006.06.06"]
[Round "1"]
[White "Tuvshintugs, Batchimeg"]
[Black "Oca, Homer"]
[Result "0-1"]
[WhiteElo "2268"]
[BlackElo "1715"]
[PlyCount "49"]
[EventDate "2006.06.06"]
[EventType "swiss"]
[EventRounds "8"]
[EventCountry "USA"]

1. e4 h6 2. d4 d6 3. c4 c5 4. Nf3 cxd4 5. Nxd4 e5 6. Nb3 b6 7. Nc3 Nf6 8. Be2
Bb7 9. f3 g5 10. Be3 Nc6 11. Qd2 Qd7 12. Nd5 Bg7 13. h4 O-O-O 14. Bxb6 Nxd5 15.
cxd5 axb6 16. Bb5 Kb8 17. Rc1 Rc8 18. hxg5 hxg5 19. Rxh8 Bxh8 20. Qc3 Qd8 21.
dxc6 d5 22. Qe3 d4 23. cxb7 Rc3 24. Rxc3 Kxb7 25. Qd3 0-1

[Event "Summer TNM"]
[Site "San Francisco"]
[Date "2006.06.13"]
[Round "2"]
[White "Allen, Tom"]
[Black "Petrison, John"]
[Result "0-1"]
[WhiteElo "1627"]
[BlackElo "2035"]
[PlyCount "90"]
[EventDate "2006.06.06"]
[EventType "swiss"]
[EventRounds "8"]
[EventCountry "USA"]

1. e4 e5 2. Nf3 Nc6 3. d4 exd4 4. c3 d5 5. exd5 Qxd5 6. cxd4 Bg4 7. Be2 O-O-O
8. Nc3 Qd7 9. Be3 Bxf3 10. Bxf3 Nxd4 11. Bg4 Nc2+ 12. Kf1 Nxe3+ 13. fxe3 f5 14.
Qxd7+ Kxd7 15. Bxf5+ Ke8 16. Ke2 Bd6 17. Rad1 Ne7 18. Bg4 Ng6 19. Nb5 Be5 20.
Rxd8+ Kxd8 21. Rd1+ Ke8 22. g3 a6 23. Nd4 h5 24. Bc8 h4 25. Nf5 hxg3 26. hxg3
Rh2+ 27. Kf3 Rxb2 28. Rd7 Rb6 29. Nxg7+ Bxg7 30. Rxg7 Ne7 31. Bg4 c5 32. Rg5
Rc6 33. Ke2 c4 34. Kd2 b5 35. Kc2 Rd6 36. Be2 Nd5 37. Re5+ Kd8 38. a3 Nb6 39.
g4 Na4 40. g5 c3 41. Bd3 Nb2 42. Bf5 Nc4 43. g6 Nxe5 44. g7 Rd2+ 45. Kxc3 Rg2
0-1

[Event "Summer TNM"]
[Site "San Francisco"]
[Date "2006.06.13"]
[Round "2"]
[White "Braden, Brian"]
[Black "Royzen, Igor"]
[Result "0-1"]
[WhiteElo "1135"]
[BlackElo "1675"]
[PlyCount "46"]
[EventDate "2006.06.06"]
[EventType "swiss"]
[EventRounds "8"]
[EventCountry "USA"]

1. d4 Nf6 2. Nf3 e6 3. c4 Bb4+ 4. Bd2 Qe7 5. g3 Bxd2+ 6. Nbxd2 Nc6 7. Bg2 O-O
8. O-O d6 9. Re1 e5 10. dxe5 dxe5 11. e4 Bg4 12. Qe2 Nd4 13. Qe3 Nc2 14. Qc3
Nxe1 15. Rxe1 Rfe8 16. Nxe5 Qxe5 17. Qe3 Qxb2 18. Rb1 Qxa2 19. Rxb7 Rad8 20. e5
Qxd2 21. Qxd2 Rxd2 22. exf6 Rd1+ 23. Bf1 Bh3 0-1

[Event "Summer TNM"]
[Site "San Francisco"]
[Date "2006.06.13"]
[Round "2"]
[White "Chalissery, Jossy"]
[Black "Lupton, Stephen"]
[Result "1-0"]
[WhiteElo "1689"]
[BlackElo "1356"]
[PlyCount "61"]
[EventDate "2006.06.06"]
[EventType "swiss"]
[EventRounds "8"]
[EventCountry "USA"]

1. Nf3 d5 2. g3 Bg4 3. Bg2 e6 4. O-O Nd7 5. d3 Bd6 6. Nbd2 Ne7 7. b3 a5 8. a4
O-O 9. Bb2 e5 10. h3 Bh5 11. g4 Bg6 12. Nh4 c6 13. Nxg6 Nxg6 14. e4 Nf4 15. Qf3
Nb6 16. exd5 cxd5 17. Bh1 Qg5 18. c4 Nxh3+ 19. Qxh3 Qxd2 20. Bc1 Qb4 21. Ba3
Qxb3 22. Bxd6 Nxa4 23. Bxf8 Rxf8 24. Bxd5 Nc3 25. Qf3 b6 26. Kg2 Qb4 27. Rae1
Qe7 28. d4 Nxd5 29. Rxe5 Qh4 30. Rxd5 f6 31. Rh5 1-0

[Event "Summer TNM"]
[Site "San Francisco"]
[Date "2006.06.13"]
[Round "2"]
[White "Chillakanti, Kartik"]
[Black "Parker, Frank"]
[Result "0-1"]
[WhiteElo "1390"]
[BlackElo "1812"]
[PlyCount "73"]
[EventDate "2006.06.06"]
[EventType "swiss"]
[EventRounds "8"]
[EventCountry "USA"]

1. d4 d5 2. c4 c6 3. Nc3 Nf6 4. Bg5 Nbd7 5. Nf3 e6 6. e3 Be7 7. Bd3 O-O 8. O-O
dxc4 9. Bxc4 b5 10. Bd3 Bb7 11. Rc1 a6 12. Qe2 c5 13. Rfe1 cxd4 14. exd4 h6 15.
Bh4 Rc8 16. h3 Nb6 17. a3 Re8 18. b4 Nc4 19. Bxc4 Rxc4 20. Bg3 Qc8 21. Na2 Rxc1
22. Rxc1 Qa8 23. Bf4 Nd5 24. Be5 Bd6 25. Nc3 Nb6 26. Nb1 Nc4 27. Rc3 Rc8 28.
Nbd2 Bd5 29. Nxc4 Rxc4 30. Rxc4 Bxc4 31. Qd2 Bd5 32. Nh4 Be7 33. Nf3 Bf6 34.
Ne1 Qc6 35. Nc2 Be4 36. Ne1 Bxg2 37. Bxf6 {remainder illegible} 0-1

[Event "Summer TNM"]
[Site "San Francisco"]
[Date "2006.06.13"]
[Round "2"]
[White "Dembling, Arthur"]
[Black "Siegrist, Daichi"]
[Result "0-1"]
[WhiteElo "1674"]
[BlackElo "1954"]
[PlyCount "52"]
[EventDate "2006.06.06"]
[EventType "swiss"]
[EventRounds "8"]
[EventCountry "USA"]

1. e4 e6 2. d4 d5 3. e5 c5 4. c3 Nc6 5. Be3 Qb6 6. Qd2 Bd7 7. Nf3 f6 8. Bd3
cxd4 9. cxd4 O-O-O 10. Nc3 fxe5 11. Nxe5 Nxe5 12. dxe5 d4 13. Bg5 Re8 14. O-O
dxc3 15. Qxc3+ Bc6 16. Be3 Qb4 17. Qd4 Qxd4 18. Bxd4 Rd8 19. Bc4 Rxd4 20. Bxe6+
Kc7 21. Rac1 Ne7 22. b4 a6 23. a4 Rxb4 24. Rfd1 Kb6 25. Rd8 Ng6 26. Re1 Bc5 0-1

[Event "Summer TNM"]
[Site "San Francisco"]
[Date "2006.06.13"]
[Round "2"]
[White "Grey, Peter"]
[Black "Sandberg, Evan"]
[Result "0-1"]
[WhiteElo "2000"]
[BlackElo "1506"]
[PlyCount "62"]
[EventDate "2006.06.06"]
[EventType "swiss"]
[EventRounds "8"]
[EventCountry "USA"]

1. e4 c5 2. Nf3 Nc6 3. d4 cxd4 4. Nxd4 Nf6 5. Nc3 e5 6. Ndb5 d6 7. Bg5 a6 8.
Na3 b5 9. Nd5 Be7 10. Bxf6 Bxf6 11. c3 Be6 12. Nc2 Bxd5 13. Qxd5 Ne7 14. Qb3
O-O 15. g3 d5 16. Rd1 d4 17. cxd4 exd4 18. Bg2 Rc8 19. O-O Nc6 20. f4 Na5 21.
Qd3 Nc4 22. Rb1 Ne3 23. Rf2 Rxc2 24. Rxc2 Nxc2 25. Qxc2 d3 26. Qd2 Qd4+ 27. Kf1
Rc8 28. Qf2 d2 29. Qxd4 Rc1+ 30. Ke2 Bxd4 31. Kxd2 Rxb1 0-1

[Event "Summer TNM"]
[Site "San Francisco"]
[Date "2006.06.13"]
[Round "2"]
[White "Hilliard, Michael"]
[Black "Chan, John"]
[Result "0-1"]
[WhiteElo "1400"]
[BlackElo "1692"]
[PlyCount "62"]
[EventDate "2006.06.06"]
[EventType "swiss"]
[EventRounds "8"]
[EventCountry "USA"]

1. d4 Nf6 2. Nf3 d5 3. e3 c6 4. Bd3 g6 5. O-O h5 6. b3 Qc7 7. Nbd2 h4 8. e4 Bg4
9. e5 Nh5 10. Re1 e6 11. Nf1 Be7 12. c4 dxc4 13. bxc4 Nd7 14. h3 Bf5 15. Ng5
Nb6 16. Rb1 Rd8 17. Nf3 Rd7 18. Qb3 Qd8 19. Ne3 Ng7 20. Ba3 O-O 21. Bxe7 Qxe7
22. Bxf5 exf5 23. d5 Qd8 24. d6 Ne6 25. Qb4 c5 26. Qa5 Qa8 27. Nxh4 Kg7 28. Nf3
Rh8 29. Red1 Nf4 30. Qc3 Ne2+ 31. Kf1 Nxc3 0-1

[Event "Summer TNM"]
[Site "San Francisco"]
[Date "2006.06.13"]
[Round "2"]
[White "Krasnov, Steven"]
[Black "Thornally, Frank"]
[Result "1/2-1/2"]
[WhiteElo "1826"]
[BlackElo "2200"]
[PlyCount "56"]
[EventDate "2006.06.06"]
[EventType "swiss"]
[EventRounds "8"]
[EventCountry "USA"]

1. d4 d5 2. Nf3 Nf6 3. c4 e6 4. Nc3 c6 5. Bg5 Nbd7 6. e3 Qa5 7. cxd5 Nxd5 8.
Qc2 Bb4 9. Rc1 Qxa2 10. Bd3 Nxc3 11. bxc3 Qxc2 12. Rxc2 Bd6 13. e4 e5 14. O-O
O-O 15. Ra1 Re8 16. h3 a6 17. Rca2 Kf8 18. g4 h6 19. Bh4 exd4 20. cxd4 c5 21.
d5 Rb8 22. Kg2 b5 23. Re1 f6 24. Bg3 Bxg3 25. Kxg3 g5 26. h4 Ne5 27. Nxe5 Rxe5
28. hxg5 Rxg5 1/2-1/2

[Event "Summer TNM"]
[Site "San Francisco"]
[Date "2006.06.13"]
[Round "2"]
[White "Litowsky, Dan"]
[Black "Bertot, German"]
[Result "1-0"]
[WhiteElo "1700"]
[BlackElo "1439"]
[PlyCount "118"]
[EventDate "2006.06.06"]
[EventType "swiss"]
[EventRounds "8"]
[EventCountry "USA"]

1. e4 e5 2. Nc3 Nc6 3. Bc4 Bc5 4. a3 Nf6 5. h3 O-O 6. d3 h6 7. Nge2 d6 8. O-O
Be6 9. Nd5 Bxd5 10. exd5 Ne7 11. Nc3 c6 12. dxc6 Nxc6 13. Na4 Qd7 14. Nxc5 dxc5
15. c3 Rad8 16. Qf3 Qd6 17. Be3 Na5 18. Rad1 Nxc4 19. dxc4 Qc6 20. b4 cxb4 21.
cxb4 b6 22. c5 Qe6 23. cxb6 axb6 24. Qb7 Nd5 25. Rfe1 Nxe3 26. Rxd8 Rxd8 27.
Rxe3 Rd1+ 28. Kh2 Qd6 29. Qc8+ Kh7 30. Qf5+ Kg8 31. Qxe5 Qxe5+ 32. Rxe5 Rd3 33.
a4 Rb3 34. Rb5 Ra3 35. Rxb6 Rxa4 36. Rb8+ Kh7 37. b5 g5 38. b6 Rb4 39. b7 Kg7
40. f3 Kf6 41. g4 Ke7 42. Kg3 Rb3 43. h4 Kd7 44. hxg5 hxg5 45. Rf8 Rxb7 46.
Rxf7+ Kc6 47. Rxb7 Kxb7 48. f4 Kc7 49. fxg5 Kd7 50. Kf4 Ke6 51. Ke4 Kf7 52. Kf5
Kg7 53. g6 Kh6 54. g7 Kh7 55. Kf6 Kg8 56. g5 Kh7 57. g8=Q+ Kxg8 58. Kg6 Kh8 59.
Kf7 Kh7 1-0

[Event "Summer TNM"]
[Site "San Francisco"]
[Date "2006.06.13"]
[Round "2"]
[White "Livschitz, Jennifer"]
[Black "Sherwood, Peter"]
[Result "0-1"]
[WhiteElo "1485"]
[BlackElo "1703"]
[PlyCount "120"]
[EventDate "2006.06.06"]
[EventType "swiss"]
[EventRounds "8"]
[EventCountry "USA"]

1. e4 e6 2. d4 d5 3. Nc3 Nf6 4. exd5 exd5 5. Bg5 Be7 6. Bd3 Nc6 7. Nge2 Nb4 8.
Qd2 $6 Nxd3+ 9. Qxd3 c6 10. O-O-O O-O 11. Ng3 b5 12. Nce2 h6 13. Bf4 a5 14. Nf5
Bxf5 15. Qxf5 Ne4 16. Be3 a4 17. Ng3 Nd6 18. Qg4 $2 f5 19. Qe2 (19. Qf3 f4 20.
Bxf4 Rxf4 21. Qxf4 Bg5) 19... f4 20. Bxf4 Rxf4 21. Rhe1 Bg5 22. Kb1 Qd7 23. f3
Re8 24. Qd3 Rff8 25. Qg6 Rf6 26. Qh5 g6 27. Qg4 Qxg4 28. fxg4 Kf7 29. c3 Rf2 $6
30. Rf1 Rxf1 31. Rxf1+ Kg7 32. Kc2 Rf8 33. Rxf8 Kxf8 34. Kd3 Bf4 35. Ne2 Bxh2
36. Ke3 Nc4+ 37. Kf3 Bc7 38. b3 axb3 39. axb3 Nd2+ 40. Ke3 Nxb3 41. g3 Kf7 42.
Nf4 Bxf4+ 43. gxf4 Kf6 44. Kf3 Nd2+ 45. Ke2 Ne4 46. Kd3 Nf2+ 47. Ke3 Nxg4+ 48.
Kf3 Kf5 49. Kg3 Nf6 50. Kf3 Ne4 51. Ke3 Nxc3 52. Kf3 b4 53. Ke3 h5 54. Kf3 b3
55. Ke3 b2 56. Kd2 b1=Q 57. Kxc3 Ke4 58. Kd2 Qb2+ 59. Kd1 Kd3 60. Ke1 Qe2# 0-1

[Event "Summer TNM"]
[Site "San Francisco"]
[Date "2006.06.13"]
[Round "2"]
[White "Mar, Craig"]
[Black "Samatra, Mario"]
[Result "1-0"]
[WhiteElo "2419"]
[BlackElo "1914"]
[PlyCount "65"]
[EventDate "2006.06.06"]
[EventType "swiss"]
[EventRounds "8"]
[EventCountry "USA"]

1. d4 d5 2. c4 e6 3. Nc3 Be7 4. Nf3 Nf6 5. Bg5 O-O 6. e3 h6 7. Bxf6 Bxf6 8. Qc2
b6 9. e4 Bb7 10. cxd5 exd5 11. e5 Be7 12. Bd3 c5 13. O-O Nc6 14. Bf5 Ba6 15.
Rfd1 cxd4 16. Nxd4 Nxe5 17. Ndb5 Bb7 18. Nxd5 Bxd5 19. Nc7 Bd6 20. Nxd5 Qh4 21.
g3 Nf3+ 22. Kg2 Qh5 23. Ne3 Bc5 24. Bg4 Nh4+ 25. gxh4 Qxh4 26. Bf3 Qg5+ 27. Kh1
Bxe3 28. Bxa8 Bxf2 29. Qxf2 Rxa8 30. Qg2 Qxg2+ 31. Kxg2 Rc8 32. Rac1 Re8 33.
Rd7 1-0

[Event "Summer TNM"]
[Site "San Francisco"]
[Date "2006.06.13"]
[Round "2"]
[White "Mar, Henry"]
[Black "Ladyzhensky, Boris"]
[Result "0-1"]
[WhiteElo "1538"]
[BlackElo "1733"]
[PlyCount "54"]
[EventDate "2006.06.06"]
[EventType "swiss"]
[EventRounds "8"]
[EventCountry "USA"]

1. d4 Nf6 2. Nf3 g6 3. e3 Bg7 4. Bd3 d6 5. O-O O-O 6. Nbd2 c5 7. c3 cxd4 8.
cxd4 Nc6 9. Re1 Bd7 10. e4 Rc8 11. e5 dxe5 12. dxe5 Ne8 13. Rb1 Be6 14. Nb3 Nc7
15. Qe2 Nd5 16. Nc5 Ncb4 17. Nxe6 fxe6 18. Bc4 Qc7 19. Bb3 Rf5 20. a3 Nc6 21.
Bc2 Rh5 22. Bb3 Rf8 23. Bxd5 exd5 24. e6 Rxf3 25. Qxf3 Qxh2+ 26. Kf1 Qh1+ 27.
Ke2 Nd4+ 0-1

[Event "Summer TNM"]
[Site "San Francisco"]
[Date "2006.06.13"]
[Round "2"]
[White "Margulis, Igor"]
[Black "Purcell, Brendan"]
[Result "1-0"]
[WhiteElo "2227"]
[BlackElo "1901"]
[PlyCount "108"]
[EventDate "2006.06.06"]
[EventType "swiss"]
[EventRounds "8"]
[EventCountry "USA"]

1. e4 c5 2. Nc3 Nc6 3. f4 e6 4. Nf3 d5 5. exd5 exd5 6. d4 Nf6 7. Bb5 Be7 8. Ne5
Qd6 9. Be3 cxd4 10. Bxd4 O-O 11. O-O Bf5 12. Kh1 Bxc2 13. Qxc2 Nxd4 14. Qa4
Nxb5 15. Qxb5 Qb4 16. Qd3 Rfd8 17. a3 Qb6 18. h3 Rac8 19. b4 a6 20. Rae1 Bf8
21. Rd1 Qc7 22. Rc1 Qd6 23. Rfd1 b5 24. Qd4 Nh5 25. g4 Ng3+ 26. Kg2 Rxc3 27.
Qxc3 Ne2 28. Qf3 Nxc1 29. Rxc1 d4 30. Rc6 Qd5 31. Qxd5 Rxd5 32. Nd3 Rd6 33. Rc8
f6 34. f5 Kf7 35. Kf3 Be7 36. Ke4 Bd8 37. Ra8 g6 38. Ra7+ Be7 39. Nc5 Rd8 40.
Ne6 gxf5+ 41. gxf5 Rg8 42. Nxd4 Rg1 43. Rxa6 Re1+ 44. Kd5 Re3 45. Ra7 Rxh3 46.
Nxb5 Re3 47. Nd6+ Kf8 48. Nc8 Bd8 49. Rxh7 Rd3+ 50. Ke4 Rd1 51. b5 Rg1 52. Ra7
Re1+ 53. Kf3 Re5 54. Nd6 Bb6 1-0

[Event "Summer TNM"]
[Site "San Francisco"]
[Date "2006.06.13"]
[Round "2"]
[White "Ossipov, Victor"]
[Black "Penoyer, Flyn"]
[Result "1-0"]
[WhiteElo "2145"]
[BlackElo "1829"]
[PlyCount "53"]
[EventDate "2006.06.06"]
[EventType "swiss"]
[EventRounds "8"]
[EventCountry "USA"]

1. d4 Nf6 2. Nf3 d5 3. Bf4 c6 4. c3 Bf5 5. Qb3 Qb6 6. Nbd2 Nbd7 7. e3 e6 8. a4
c5 9. a5 c4 10. axb6 cxb3 11. bxa7 Bc2 12. Bb5 Kd8 13. O-O Nb6 14. Ne1 Ne4 15.
Nxe4 Bxe4 16. Nd3 Nc8 17. Bb8 Bd6 18. Nc5 Bxc5 19. dxc5 Ne7 20. Rfd1 Nc6 21.
Bxc6 bxc6 22. Ra6 Bc2 23. Rd4 Kd7 24. Rb4 Rd8 25. Rb7+ Ke8 26. Bd6 Bg6 27. Rxb3
1-0

[Event "Summer TNM"]
[Site "San Francisco"]
[Date "2006.06.13"]
[Round "2"]
[White "Russell, Joe"]
[Black "Hartsough, Chester"]
[Result "1-0"]
[WhiteElo "1633"]
[BlackElo "829"]
[PlyCount "67"]
[EventDate "2006.06.06"]
[EventType "swiss"]
[EventRounds "8"]
[EventCountry "USA"]

1. e4 e5 2. Nf3 Nc6 3. Bb5 Qf6 4. Nc3 a6 5. Ba4 b5 6. Bb3 Bc5 7. Nd5 Qd6 8. c3
Nf6 9. Nxf6+ Qxf6 10. O-O Na5 11. Bc2 d6 12. b4 Bb6 13. bxa5 Bxa5 14. a4 O-O
15. Bb2 c5 16. d4 Bg4 17. Qd3 b4 18. dxc5 dxc5 19. cxb4 Bxf3 20. bxa5 Bg4 21.
f3 Bh5 22. Qc3 Rab8 23. Qxe5 Rxb2 24. Qxf6 gxf6 25. Bd3 Rd8 26. Rfd1 Rd6 27.
Bc4 Rc6 28. Bd5 Rc7 29. Rdc1 Rb4 30. Rc4 Kg7 31. Rac1 f5 32. Rxb4 fxe4 33. Rxe4
Bg6 34. Rec4 1-0